000 00524nam a2200157Ia 4500
008 100204s9999 xx 000 0 und d
082 _b23298
100 _aप्रेस्टन रिचर्ड
245 _aद हॉट झोन
260 _b"मेहता पब्लिशिंग हाऊस , पुणे"
_c1998
300 _a305
630 _aद हॉट झोन
700 _aजोगळेकर प्र्रमोद
730 _aद हॉट झोन
942 _cBOOK
999 _c468408
_d468405